[Event "FRA-chT2A 0506"]
[Site "France"]
[Date "2006.04.02"]
[Round "11.5"]
[White "Lourmande, Christophe"]
[Black "Bancel, Gerard"]
[Result "1-0"]
[WhiteElo "2235"]
[BlackElo "2133"]
[PlyCount "71"]
[EventDate "2005.10.27"]
[EventType "team-tourn"]
[EventRounds "11"]
[EventCountry "FRA"]
[SourceTitle "EXT 2006"]
[Source "ChessBase"]
[SourceDate "2005.11.24"]
[SourceVersion "1"]
[SourceVersionDate "2005.11.24"]
[SourceQuality "1"]
[WhiteTeam "Bois Colombes II"]
[BlackTeam "Bordeaux ASPOM"]
[WhiteTeamCountry "FRA"]
[BlackTeamCountry "FRA"]

1. e4 c5 2. Nf3 e6 3. g3 Nc6 4. Bg2 d6 5. 0-0 Nge7 6. b3 g6 7. Bb2 e5 8. Ne1 Bg7 9. f4 0-0 10. Nc3 f5 11. Nd3 Be6 12. fxe5 dxe5 13. Na4 b6 14. Nf2 Qd7 15. Qe2 f4 16. gxf4 Rxf4 17. Qd3 Qe8 18. Bh3 Bf7 19. Qg3 Rd8 20. Rae1 Rd6 21. Nd3 Rxf1+ 22. Rxf1 Nd4 23. Bxd4 Rxd4 24. Nxe5 Bxe5 25. Qxe5 Nc6 26. Qxe8+ Bxe8 27. Be6+ Kg7 28. d3 Rd6 29. Bc4 Nb4 30. e5 Rd4 31. Rf2 b5 32. Nxc5 Rg4+ 33. Kf1 bxc4 34. bxc4 Nxa2 35. Ne4 Bc6 36. Nf6 1-0

[Event "EU-chT Railways USIC"]
[Site "Dresden"]
[Date "2000.06.21"]
[Round "2.4"]
[White "Merdinjan, Agop"]
[Black "Bancel, Gerard"]
[Result "1-0"]
[WhiteElo "2325"]
[BlackElo "2213"]
[PlyCount "81"]
[EventDate "2000.06.19"]
[EventType "team-swiss"]
[EventRounds "7"]
[EventCountry "GER"]
[SourceTitle "EXT 2002"]
[Source "ChessBase"]
[SourceDate "2001.11.25"]
[SourceVersion "1"]
[SourceVersionDate "2001.11.25"]
[SourceQuality "1"]
[WhiteTeam "Bulgaria USIC"]
[BlackTeam "France (USIC)"]
[WhiteTeamCountry "BUL"]
[BlackTeamCountry "FRA"]

1. Nf3 Nf6 2. b3 d5 3. Bb2 Bf5 4. c4 c6 5. d3 e6 6. Nbd2 Nbd7 7. g3 h6 8. Bg2 Be7 9. 0-0 0-0 10. a3 Qc7 11. Rc1 Qb8 12. Qc2 b5 13. Nd4 Rc8 14. Nxf5 exf5 15. Nf3 bxc4 16. dxc4 dxc4 17. Qxc4 Nb6 18. Qc2 f4 19. Ne5 fxg3 20. hxg3 Bxa3 21. Nxc6 Qd6 22. Rfd1 Qf8 23. Bxa3 Qxa3 24. b4 Rab8 25. Ne7+ Kh8 26. Nxc8 Rxc8 27. Qb1 Re8 28. Bf3 g5 29. Qf5 Kg7 30. Rc6 Qb2 31. Rdd6 Ng8 32. Rxh6 Nxh6 33. Qxg5+ Kf8 34. Qxh6+ Qg7 35. Qd6+ Kg8 36. Rc2 Nc8 37. Qd7 Qf8 38. Rc4 Ne7 39. Bh5 Rd8 40. Rg4+ Kh8 41. Qxa7 1-0

[Event "EU-chT Railways USIC"]
[Site "Dresden"]
[Date "2000.06.20"]
[Round "1.3"]
[White "Malmgren, Lars Goran"]
[Black "Bancel, Gerard"]
[Result "0-1"]
[WhiteElo "2102"]
[BlackElo "2213"]
[PlyCount "130"]
[EventDate "2000.06.19"]
[EventType "team-swiss"]
[EventRounds "7"]
[EventCountry "GER"]
[SourceTitle "EXT 2002"]
[Source "ChessBase"]
[SourceDate "2001.11.25"]
[SourceVersion "1"]
[SourceVersionDate "2001.11.25"]
[SourceQuality "1"]
[WhiteTeam "Sweden (USIC)"]
[BlackTeam "France (USIC)"]
[WhiteTeamCountry "SWE"]
[BlackTeamCountry "FRA"]

1. c4 Nc6 2. d4 e5 3. d5 Nce7 4. e4 Nf6 5. Bd3 Ng6 6. Ne2 d6 7. 0-0 Be7 8. f4 exf4 9. Bxf4 Nxf4 10. Nxf4 0-0 11. h3 Nd7 12. Nd2 Bg5 13. Qe2 Qe7 14. Rab1 a5 15. Bc2 Ne5 16. b3 Bd7 17. Nd3 Bxd2 18. Qxd2 b6 19. Qc3 Rae8 20. Nxe5 Qxe5 21. Qxe5 Rxe5 22. Rf3 f6 23. Rbf1 Be8 24. Rf5 Re7 25. h4 Bg6 26. R5f4 Rfe8 27. Re1 f5 28. h5 Bxh5 29. Rxf5 Bg6 30. Rf4 Rf8 31. Rxf8+ Kxf8 32. Kf2 Re5 33. Re3 Ke7 34. Rg3 Ke8 35. Ke3 Re7 36. Bd3 Kf8 37. Rf3+ Kg8 38. Rf4 Bh5 39. g4 Be8 40. Be2 g5 41. Rf2 Kg7 42. Kd4 Bg6 43. Bd3 Re8 44. a3 Rh8 45. Be2 Re8 46. Bd3 Re5 47. Rh2 h6 48. b4 axb4 49. axb4 Re8 50. Rf2 Ra8 51. Bc2 Ra2 52. Re2 h5 53. gxh5 Bxh5 54. Rh2 Bd1 55. Rh1 Bxc2 56. e5 dxe5+ 57. Kxe5 Ra4 58. Rc1 Bb3 59. c5 Rxb4 60. cxb6 cxb6 61. d6 Rb5+ 62. Ke4 Kf6 63. d7 Ke7 64. Rc7 Kd8 65. Ra7 Ra5 0-1

[Event "France op"]
[Site "France"]
[Date "1994.??.??"]
[Round "5"]
[White "Bancel, Gerard"]
[Black "Ruffenach, Alain"]
[Result "1-0"]
[WhiteElo "2230"]
[BlackElo "2090"]
[PlyCount "127"]
[EventDate "1994.??.??"]
[EventType "swiss"]
[EventRounds "5"]
[EventCountry "FRA"]
[SourceTitle "EXT 1999"]
[Source "ChessBase"]
[SourceDate "1998.11.16"]
[SourceVersion "1"]
[SourceVersionDate "1998.11.16"]
[SourceQuality "1"]

1. d4 g6 2. Nf3 Bg7 3. c4 d6 4. Nc3 Nf6 5. e4 0-0 6. Be2 c6 7. 0-0 Nbd7 8. e5 Ne8 9. Bf4 Qa5 10. Bg5 f6 11. exf6 exf6 12. Bd2 Qd8 13. Re1 Rf7 14. Bd3 Nf8 15. h3 Nc7 16. d5 Nd7 17. dxc6 bxc6 18. Be4 Bb7 19. Nd4 d5 20. cxd5 cxd5 21. Bc2 Ne5 22. Bf4 a6 23. Na4 Qf8 24. b4 Nb5 25. Ne6 Qxb4 26. Nac5 Nc3 27. Qd2 Nc4 28. Qd4 Bh8 29. Bd2 f5 30. Qf4 Qb2 31. Rac1 Nxa2 32. Nd3 Qf6 33. Rcd1 Nc3 34. Bxc3 Qxc3 35. Ng5 Rg7 36. Ba4 h6 37. Ne6 Rh7 38. Ndc5 Be5 39. Qh4 Bf6 40. Qf4 Be5 41. Qh4 Nb2 42. Rc1 Bf6 43. Qf4 Qa5 44. Bc2 Qb6 45. Qg3 Kf7 46. Nd7 Qb4 47. Nxf6 Kxf6 48. Qe5+ Kf7 49. Bxf5 Nc4 50. Bxg6+ Kxg6 51. Nf4+ Kf7 52. Qe6+ Kf8 53. Qg6 Re7 54. Ne6+ Rxe6 55. Rxe6 d4 56. Qxh6+ Kf7 57. Qg6+ Kf8 58. Rf6+ Ke7 59. Qf7+ Kd8 60. Rxc4 Qe1+ 61. Kh2 Qe5+ 62. f4 Qd5 63. Qf8+ Kd7 64. Qg7+ 1-0

[Event "Cannes op"]
[Site "Cannes"]
[Date "1990.??.??"]
[Round "6"]
[White "Bancel, Gerard"]
[Black "Bouchaud, Vincent"]
[Result "1/2-1/2"]
[WhiteElo "2120"]
[BlackElo "2000"]
[PlyCount "39"]
[EventDate "1990.02.??"]
[EventType "swiss"]
[EventRounds "9"]
[EventCountry "FRA"]
[SourceTitle "EXT 1997"]
[Source "ChessBase"]
[SourceDate "1996.11.15"]
[SourceVersion "1"]
[SourceVersionDate "1996.11.15"]
[SourceQuality "1"]

1. Nf3 Nf6 2. d4 d6 3. Bf4 c5 4. c3 cxd4 5. cxd4 g6 6. Nc3 Bg7 7. e3 0-0 8. Bd3 Na6 9. 0-0 Nb4 10. Bb1 Nbd5 11. Nxd5 Nxd5 12. Bg5 h6 13. Bh4 Qb6 14. Qd2 Bg4 15. a3 Rac8 16. Ba2 Nf6 17. Rfc1 g5 18. Bg3 Ne4 19. Qb4 Qxb4 20. axb4 1/2-1/2

[Event "Cannes op"]
[Site "Cannes"]
[Date "1990.??.??"]
[Round "2"]
[White "Bancel, Gerard"]
[Black "Maksimovic, Suzana"]
[Result "0-1"]
[WhiteElo "2120"]
[BlackElo "2280"]
[PlyCount "72"]
[EventDate "1990.02.??"]
[EventType "swiss"]
[EventRounds "9"]
[EventCountry "FRA"]
[SourceTitle "EXT 1997"]
[Source "ChessBase"]
[SourceDate "1996.11.15"]
[SourceVersion "1"]
[SourceVersionDate "1996.11.15"]
[SourceQuality "1"]

1. d4 Nf6 2. Nf3 e6 3. Bf4 c5 4. c3 b6 5. e3 Bb7 6. Nbd2 Be7 7. Bd3 0-0 8. 0-0 d6 9. Qe2 Nbd7 10. e4 cxd4 11. cxd4 Re8 12. Rac1 Nh5 13. Be3 e5 14. Nxe5 dxe5 15. Qxh5 exd4 16. Bf4 Nc5 17. Bc4 Rf8 18. Qg4 Kh8 19. Bg3 Rc8 20. Rfd1 Nxe4 21. Nxe4 f5 22. Qh5 fxe4 23. Be5 Bf6 24. Rxd4 Qxd4 25. Bxd4 Bxd4 26. Rc2 e3 27. Bd3 exf2+ 28. Kf1 g6 29. Qg4 Be3 30. Rxc8 Rxc8 31. Ke2 Bc5 32. Qd7 Rf8 33. Kf1 Bc8 34. Qd5 Re8 35. Be2 Ba6 36. Qd1 Bxe2+ 0-1

[Event "Cannes op"]
[Site "Cannes"]
[Date "1990.??.??"]
[Round "4"]
[White "Bancel, Gerard"]
[Black "Ruiz, Richard"]
[Result "1/2-1/2"]
[WhiteElo "2120"]
[BlackElo "2220"]
[PlyCount "89"]
[EventDate "1990.02.??"]
[EventType "swiss"]
[EventRounds "9"]
[EventCountry "FRA"]
[SourceTitle "EXT 1997"]
[Source "ChessBase"]
[SourceDate "1996.11.15"]
[SourceVersion "1"]
[SourceVersionDate "1996.11.15"]
[SourceQuality "1"]

1. d4 Nf6 2. Nf3 b5 3. Bf4 Bb7 4. Nbd2 e6 5. e3 a6 6. c3 Be7 7. Bd3 d5 8. 0-0 Nbd7 9. Re1 Nh5 10. Ne5 Nxf4 11. exf4 g6 12. Ndf3 Nxe5 13. Nxe5 0-0 14. Re3 Bf6 15. Qg4 Rc8 16. b4 Ra8 17. h4 Bxe5 18. Rxe5 Qf6 19. h5 Kg7 20. Rae1 Bc8 21. R1e3 Bd7 22. Rg5 Rg8 23. hxg6 hxg6 24. Rg3 Kf8 25. Re5 Rh8 26. Qg5 Qxg5 27. fxg5 a5 28. a3 axb4 29. axb4 Ra1+ 30. Bf1 Ke7 31. Rge3 Kd6 32. Rf3 Rc1 33. g3 Ra8 34. Kg2 Raa1 35. Be2 Ke7 36. Rd3 Ra3 37. Ree3 c6 38. Bg4 Ra2 39. Re2 Raa1 40. Kf3 Ra3 41. Ree3 Rc2 42. Kg2 Kf8 43. Bd1 Rc1 44. Bg4 Ra2 45. Re2 1/2-1/2